Analýza procesu výroby vybranej prevádzky v spoločnosti PCA Slovakia, s. r. o diplomová práca

Salvato in:
Dettagli Bibliografici
Autore principale: Voržáčková, Nikola
Ente Autore: Fakulta podnikového manažmentu EU. Katedra manažmentu výroby a logistiky - zrušená
Altri autori: Rakovská, Júlia, 1972-
Natura: Libro
Lingua:slovacco
Pubblicazione: Bratislava 2018
Tags: Aggiungi Tag
Nessun Tag, puoi essere il primo ad aggiungerne!!

MARC

LEADER 00000nbm a2200000 4500
001 0244661
005 20181009131328.2
041 0 |a slo 
044 |a SK 
245 1 0 |a Analýza procesu výroby vybranej prevádzky v spoločnosti PCA Slovakia, s. r. o  |b diplomová práca  |c Nikola Voržáčková ; školiteľ: Júlia Rakovská 
264 1 |a Bratislava  |c 2018 
300 |a 89 s. 
100 1 |a Voržáčková, Nikola 
700 1 |a Rakovská, Júlia, 1972- 
710 2 |a Fakulta podnikového manažmentu EU. Katedra manažmentu výroby a logistiky - zrušená